000 00478nam a2200181Ia 4500
008 230917s9999||||xx |||||||||||||| ||und||
020 _cRS 975.00
040 _e5005912
_aMAIN
041 _aEnglish
082 _a540 E29G(10)
100 _aEbbing, Darrell D
245 0 _aGeneral chemistry
250 _a10th ed.
260 _aDelhi
_bCengage Learning India
_c2016
300 _axxvii, 1039 p.
500 _a4052 04/09/2020 HBD20/8533 16/09/2020 Chemistry SAP
942 _cBK
999 _c2113
_d2113